| 000 | 00620cam a2200181Ka 4500 | ||
|---|---|---|---|
| 082 |
_a113 _bTHO |
||
| 100 | 1 |
_aKelvin, William Thomson, _949542 |
|
| 245 | 1 | 0 |
_aElements of natural philosophy _cby Lord Kelvin and Peter Guthrie Tait. |
| 260 |
_aCambridge : _bUniversity Press, _c1879. |
||
| 300 |
_a1 online resource (vi, 295 p.) : _bill. |
||
| 500 | _aIncludes index. | ||
| 526 |
_a0 _b0 _c0 _d113_000000000000000_THO |
||
| 650 | 0 |
_aMCE _9379 |
|
| 650 | 0 |
_aMechanics, Analytic. _939816 |
|
| 700 | 1 |
_aTait, Peter Guthrie, _949543 |
|
| 856 | 4 | 0 | _uhttp://catalog.hathitrust.org/api/volumes/oclc/7726202.html |
| 942 |
_2ddc _cBK |
||
| 999 |
_c552318 _d552318 |
||